[Event "HUN-chT U18"]
[Site "Budapest"]
[Date "2019.10.29"]
[Round "6.1"]
[White "Karacsonyi, Gellert"]
[Black "Szabo, A Martin"]
[Result "1-0"]
[WhiteElo "2301"]
[BlackElo "1769"]
[PlyCount "53"]
[EventDate "2019.10.26"]
[EventType "team-swiss"]
[EventRounds "7"]
[EventCountry "HUN"]
[SourceTitle "CBM 192 Extra"]
[Source "Chessbase"]
[SourceDate "2019.11.06"]
[SourceVersion "1"]
[SourceVersionDate "2019.11.06"]
[SourceQuality "1"]
[WhiteTeam "Penzugyor"]
[BlackTeam "Sarkany DSE"]
[WhiteTeamCountry "HUN"]
[BlackTeamCountry "HUN"]

1. e4 g6 2. d4 Bg7 3. Nc3 d6 4. Bg5 h6 5. Be3 Nf6 6. h3 Nc6 7. Qd2 e5 8. Nf3 exd4 9. Nxd4 Nxd4 10. Bxd4 0-0 11. Bd3 Bd7 12. 0-0 Bc6 13. Rae1 Qd7 14. Bxf6 Bxf6 15. Qxh6 Rae8 16. Bc4 Bxc3 17. bxc3 d5 18. Bb3 a5 19. exd5 Bb5 20. c4 Ba6 21. a4 Qd6 22. Rd1 b6 23. Rd4 Qe5 24. Rfd1 Rd8 25. d6 Rxd6 26. Rxd6 cxd6 27. c5 1-0

[Event "HUN-chT U18"]
[Site "Budapest"]
[Date "2019.10.26"]
[Round "1.1"]
[White "Szabo, A Martin"]
[Black "Papp, Bence"]
[Result "0-1"]
[WhiteElo "1769"]
[BlackElo "2184"]
[PlyCount "83"]
[EventDate "2019.10.26"]
[EventType "team-swiss"]
[EventRounds "7"]
[EventCountry "HUN"]
[SourceTitle "CBM 192 Extra"]
[Source "Chessbase"]
[SourceDate "2019.11.06"]
[SourceVersion "1"]
[SourceVersionDate "2019.11.06"]
[SourceQuality "1"]
[WhiteTeam "Sarkany DSE"]
[BlackTeam "Meritum Egyesuelet"]
[WhiteTeamCountry "HUN"]
[BlackTeamCountry "HUN"]

1. d4 d6 2. Nf3 f5 3. c4 Nf6 4. Nc3 g6 5. g3 Bg7 6. Bg2 0-0 7. 0-0 c6 8. d5 e5 9. dxe6 Bxe6 10. Qd3 Na6 11. Ng5 Re8 12. Nxe6 Rxe6 13. Rb1 Nc5 14. Qc2 Qe7 15. b4 Nce4 16. Nxe4 Nxe4 17. Bb2 Rf8 18. e3 g5 19. Rfe1 h5 20. f3 Nf6 21. Qd3 f4 22. gxf4 gxf4 23. e4 Nd7 24. Bxg7 Qxg7 25. Kh1 Ne5 26. Qc3 Rg6 27. Rg1 Rff6 28. Bh3 Rxg1+ 29. Rxg1 Rg6 30. Rxg6 Nxg6 31. Be6+ Kf8 32. Qxg7+ Kxg7 33. c5 dxc5 34. bxc5 Nh4 35. Bc8 b6 36. cxb6 axb6 37. Bb7 c5 38. Ba6 Nxf3 39. Kg2 Ng5 40. Bd3 Kf6 41. h4 Ne6 42. a4 0-1

[Event "Budapest FS09 Nadassy"]
[Site "Budapest"]
[Date "2019.09.16"]
[Round "9.1"]
[White "Mayer, Istvan"]
[Black "Szabo, A Martin"]
[Result "1-0"]
[WhiteElo "1925"]
[BlackElo "1800"]
[PlyCount "71"]
[EventDate "2019.09.07"]
[EventType "team-schev"]
[EventRounds "10"]
[EventCountry "HUN"]
[SourceTitle "EXT 2020"]
[Source "ChessBase"]
[SourceDate "2019.10.17"]
[SourceVersion "1"]
[SourceVersionDate "2019.10.17"]
[SourceQuality "1"]
[WhiteTeam "A Team Higher Elo"]
[BlackTeam "B Team Lower Elo"]
[WhiteTeamCountry "HUN"]
[BlackTeamCountry "HUN"]

1. e4 Nf6 2. e5 Nd5 3. c4 Nb6 4. d4 d6 5. exd6 exd6 6. Nc3 Be7 7. Bd3 Nc6 8. Be3 Bf6 9. Nge2 0-0 10. 0-0 Bg4 11. f3 Bh5 12. Nf4 Bg6 13. c5 Bxd3 14. Qxd3 Nb4 15. Qe2 dxc5 16. dxc5 N6d5 17. Rad1 Nxf4 18. Bxf4 Bd4+ 19. Kh1 Qf6 20. Qc4 Bxc3 21. bxc3 Na6 22. Be3 Rfe8 23. Bd4 Qe6 24. Qb5 Rab8 25. Qd3 c6 26. f4 f6 27. Qg3 Qf5 28. Qf3 Rbd8 29. Qf2 Nc7 30. Qb2 Rb8 31. Bg1 Nd5 32. Rd4 Re4 33. c4 Rxf4 34. Rdxf4 Nxf4 35. Qf2 g5 36. g3 1-0

[Event "HUN-ch U18"]
[Site "Balatonlelle"]
[Date "2019.06.26"]
[Round "7"]
[White "Szabo, A Martin"]
[Black "Varga, Marcell1111"]
[Result "0-1"]
[WhiteElo "1946"]
[BlackElo "2106"]
[PlyCount "88"]
[EventDate "2019.06.21"]
[EventType "swiss"]
[EventRounds "9"]
[EventCountry "HUN"]
[SourceTitle "CBM 191 Extra"]
[Source "ChessBase"]
[SourceDate "2019.09.30"]
[SourceVersion "1"]
[SourceVersionDate "2019.09.30"]
[SourceQuality "1"]

1. c4 e5 2. Nc3 Nf6 3. g3 c6 4. Bg2 d5 5. cxd5 cxd5 6. d3 Nc6 7. Nf3 d4 8. Ne4 Nxe4 9. dxe4 Bb4+ 10. Bd2 Qb6 11. 0-0 0-0 12. Ne1 Be6 13. Nd3 Bd6 14. b4 Rfc8 15. Qb1 Rc7 16. Qb2 Rac8 17. Rab1 Nb8 18. Rfc1 Qa6 19. a3 Nd7 20. Rxc7 Rxc7 21. Rc1 Bc4 22. Bh3 Nb6 23. b5 Qxb5 24. Qxb5 Bxb5 25. Rxc7 Bxc7 26. Nc5 Bxe2 27. Bf1 Bxf1 28. Kxf1 Nc4 29. Bc1 b6 30. Nd3 Bd6 31. a4 f6 32. Ke1 Kf7 33. Kd1 Ba3 34. Bd2 Nb2+ 35. Nxb2 Bxb2 36. Kc2 Bc3 37. Bxc3 dxc3 38. Kxc3 Ke6 39. Kb4 a6 40. g4 Kd6 41. h4 Kc6 42. h5 h6 43. f3 b5 44. a5 Kd6 0-1

[Event "HUN-ch U18"]
[Site "Balatonlelle"]
[Date "2019.06.23"]
[Round "3"]
[White "Pesti, Mate"]
[Black "Szabo, A Martin"]
[Result "0-1"]
[WhiteElo "1925"]
[BlackElo "1946"]
[PlyCount "120"]
[EventDate "2019.06.21"]
[EventType "swiss"]
[EventRounds "9"]
[EventCountry "HUN"]
[SourceTitle "CBM 191 Extra"]
[Source "ChessBase"]
[SourceDate "2019.09.30"]
[SourceVersion "1"]
[SourceVersionDate "2019.09.30"]
[SourceQuality "1"]

1. e4 c5 2. Nf3 Nc6 3. Bb5 Na5 4. 0-0 a6 5. Be2 e6 6. Nc3 b5 7. d4 cxd4 8. Nxd4 Qc7 9. Be3 Nf6 10. f3 Bc5 11. Qd2 0-0 12. Bd3 Qb6 13. Qf2 Nc6 14. Nf5 Bxe3 15. Qxe3 Rb8 16. Qxb6 Rxb6 17. Ne3 Rd8 18. Rad1 Bb7 19. a4 Nb4 20. axb5 Nxd3 21. Rxd3 axb5 22. Rfd1 Bc6 23. e5 b4 24. Nc4 Ra6 25. exf6 bxc3 26. Rxc3 gxf6 27. Nd6 Kf8 28. Rcd3 Ke7 29. b4 Rb6 30. c3 Bd5 31. Ne4 Bb3 32. R1d2 d6 33. Rb2 Bd5 34. Kf2 f5 35. Nd2 Rc8 36. Nb1 Bc4 37. Rd1 e5 38. Nd2 Bd3 39. Rc1 d5 40. Ke3 Bc4 41. g3 h5 42. f4 e4 43. Ra1 Bb5 44. Rb3 h4 45. Kd4 hxg3 46. hxg3 Rg6 47. Rg1 Rcg8 48. Nf1 Bxf1 49. Rxf1 Rxg3 50. Kxd5 f6 51. b5 Rc8 52. Rd1 Rgg8 53. Kd4 Rgd8+ 54. Ke3 Rxd1 55. b6 Rb8 56. c4 Kd6 57. Rb5 Rd3+ 58. Ke2 Kc6 59. Rxf5 Rxb6 60. Rxf6+ Kc5 0-1

[Event "HUN-ch U18"]
[Site "Balatonlelle"]
[Date "2019.06.22"]
[Round "2"]
[White "Szabo, A Martin"]
[Black "Laszlo, Csaba"]
[Result "1/2-1/2"]
[WhiteElo "1946"]
[BlackElo "1852"]
[PlyCount "115"]
[EventDate "2019.06.21"]
[EventType "swiss"]
[EventRounds "9"]
[EventCountry "HUN"]
[SourceTitle "CBM 191 Extra"]
[Source "ChessBase"]
[SourceDate "2019.09.30"]
[SourceVersion "1"]
[SourceVersionDate "2019.09.30"]
[SourceQuality "1"]

1. c4 c5 2. Nc3 Nc6 3. e4 g6 4. g3 Bg7 5. Bg2 d6 6. d3 e5 7. Nge2 Nge7 8. 0-0 0-0 9. Be3 Bg4 10. f3 Be6 11. f4 Bg4 12. h3 Bxe2 13. Qxe2 f5 14. a3 Qd7 15. Nd5 Nxd5 16. exd5 Nd8 17. fxe5 Bxe5 18. Bxc5 Bxg3 19. Bd4 Re8 20. Qf3 Be5 21. Bxe5 Rxe5 22. d4 Re7 23. Qc3 Nf7 24. Rae1 Rae8 25. Kf2 Ng5 26. Rxe7 Qxe7 27. Re1 Qxe1+ 28. Qxe1 Rxe1 29. Kxe1 Kf8 30. c5 Ke7 31. Kd2 f4 32. h4 f3 33. Bf1 Ne4+ 34. Ke3 Ng3 35. Bd3 Nh5 36. Kxf3 Nf6 37. Be4 Kd7 38. b4 a6 39. a4 Kc7 40. a5 Kd7 41. Kf4 Nxe4 42. Kxe4 h6 43. Kf4 Kc7 44. Ke3 Kd7 45. Kd3 Kc7 46. Kc4 Kd7 47. b5 Kc7 48. b6+ Kd7 49. Kd3 Kc8 50. c6 Kb8 51. Ke4 Kc8 52. Kf4 Kb8 53. cxb7 Kxb7 54. h5 g5+ 55. Kf3 Kc8 56. Ke4 Kd8 57. Kf5 Kd7 58. Kg4 1/2-1/2

[Event "HUN-chT2 Erkel 1819"]
[Site "Hungary"]
[Date "2019.02.24"]
[Round "6.8"]
[White "Szabo, A Martin"]
[Black "Barta, Zoltan"]
[Result "1/2-1/2"]
[WhiteElo "1815"]
[BlackElo "1904"]
[PlyCount "97"]
[EventDate "2018.10.28"]
[EventType "team-tourn"]
[EventRounds "9"]
[EventCountry "HUN"]
[SourceTitle "EXT 2021"]
[Source "ChessBase"]
[SourceDate "2020.10.23"]
[SourceVersion "1"]
[SourceVersionDate "2020.10.23"]
[SourceQuality "1"]
[WhiteTeam "Sarkany DSE"]
[BlackTeam "Andornaktalya"]
[WhiteTeamCountry "HUN"]
[BlackTeamCountry "HUN"]

1. d4 d5 2. c4 e6 3. Nf3 Nf6 4. g3 Nbd7 5. Bg2 c6 6. Nbd2 Bd6 7. 0-0 0-0 8. Re1 Re8 9. e4 dxe4 10. Nxe4 Nxe4 11. Rxe4 Nf6 12. Re3 c5 13. Rd3 Qc7 14. b4 cxb4 15. c5 Be7 16. Bf4 Qd8 17. Ne5 Nd5 18. Rc1 Bd7 19. Bxd5 exd5 20. Qb3 Bf5 21. Rdd1 g5 22. Bd2 f6 23. Nd3 a5 24. Nb2 Qd7 25. Na4 Bd8 26. Re1 Rxe1+ 27. Rxe1 Ra6 28. a3 bxa3 29. Qxa3 Re6 30. Rxe6 Qxe6 31. Qb3 Bh3 32. Nc3 Kg7 33. Qxd5 Qxd5 34. Nxd5 Be6 35. Ne3 Bd7 36. Nc4 a4 37. d5 Bb5 38. Nd6 Ba6 39. f4 h6 40. c6 bxc6 41. dxc6 Bb6+ 42. Kg2 Bc5 43. Ne4 Bb6 44. Bc3 Bb5 45. Bxf6+ Kg6 46. fxg5 Bxc6 47. Kf3 hxg5 48. Bb2 Bc5 49. Bc3 1/2-1/2

[Event "HUN-chT2 Erkel 1718"]
[Site "Hungary"]
[Date "2018.02.18"]
[Round "8.11"]
[White "Horvath, Jeno Kalman"]
[Black "Szabo, A Martin"]
[Result "1-0"]
[WhiteElo "1913"]
[BlackElo "1574"]
[PlyCount "35"]
[EventDate "2017.09.24"]
[EventType "team-tourn"]
[EventRounds "11"]
[EventCountry "HUN"]
[SourceTitle "EXT 2021"]
[Source "ChessBase"]
[SourceDate "2020.10.23"]
[SourceVersion "1"]
[SourceVersionDate "2020.10.23"]
[SourceQuality "1"]
[WhiteTeam "Fot"]
[BlackTeam "Budapest MAFC"]
[WhiteTeamCountry "HUN"]
[BlackTeamCountry "HUN"]

1. d4 Nf6 2. Nf3 g6 3. Bg5 Bg7 4. c3 0-0 5. Nbd2 d5 6. e3 c5 7. Be2 Nbd7 8. 0-0 Re8 9. Bh4 Qb6 10. Qb3 Qxb3 11. axb3 b6 12. Rfe1 Ne4 13. Nxe4 dxe4 14. Nd2 Bb7 15. Bb5 g5 16. Bxg5 f6 17. Bxd7 Red8 18. Be6+ 1-0

[Event "Budapest FS02 FM"]
[Site "Budapest"]
[Date "2018.02.03"]
[Round "1"]
[White "Szalanczy, Emil"]
[Black "Szabo, A Martin"]
[Result "1-0"]
[WhiteElo "2213"]
[BlackElo "1803"]
[PlyCount "99"]
[EventDate "2018.02.03"]
[EventType "tourn"]
[EventRounds "9"]
[EventCountry "HUN"]
[SourceTitle "CBM 182 Extra"]
[Source "ChessBase"]
[SourceDate "2018.02.23"]
[SourceVersion "1"]
[SourceVersionDate "2018.02.23"]
[SourceQuality "1"]

1. e4 d6 2. d4 Nf6 3. Nc3 g6 4. Be3 Ng4 5. Bg5 h6 6. Bh4 Bg7 7. Nf3 c6 8. h3 Nf6 9. Qd2 0-0 10. Bd3 Nbd7 11. e5 dxe5 12. dxe5 Nd5 13. Nxd5 cxd5 14. e6 fxe6 15. 0-0-0 Qe8 16. Rhe1 Nc5 17. Qb4 Nxd3+ 18. Rxd3 g5 19. Bg3 a5 20. Qa3 b5 21. Qc5 Bd7 22. Ne5 Rc8 23. Qe3 Bxe5 24. Bxe5 Rc4 25. f3 Qg6 26. b3 Rc6 27. a3 a4 28. b4 Rc4 29. Kd2 Rfc8 30. c3 Rf8 31. g4 Bc6 32. Bd4 Bd7 33. Qe5 Qf6 34. Ree3 Qxe5 35. Rxe5 Kh7 36. Rde3 Rf7 37. Ke2 Rc8 38. Kf2 Rg8 39. Kg3 Rg6 40. h4 Kg8 41. hxg5 hxg5 42. Re2 Rfg7 43. Rh2 Rh7 44. Rh5 Be8 45. Rhxg5 Rhh6 46. Rxg6+ Rxg6 47. Rh5 Bd7 48. Rh8+ Kf7 49. Rh7+ Kf8 50. Kf4 1-0

[Event "Budapest FS09 Development"]
[Site "Budapest"]
[Date "2017.09.11"]
[Round "9"]
[White "Szabo, A Martin"]
[Black "Bogad, Peter"]
[Result "0-1"]
[WhiteElo "1574"]
[BlackElo "1970"]
[PlyCount "74"]
[EventDate "2017.09.02"]
[EventType "tourn"]
[EventRounds "10"]
[EventCountry "HUN"]
[SourceTitle "CBM 180 Extra"]
[Source "ChessBase"]
[SourceDate "2017.10.06"]
[SourceVersion "1"]
[SourceVersionDate "2017.10.06"]
[SourceQuality "1"]

1. d4 e6 2. c4 b6 3. Nc3 Bb7 4. Nf3 f5 5. d5 Na6 6. a3 Nf6 7. b4 Be7 8. Qd3 0-0 9. g3 Ne4 10. Nxe4 fxe4 11. Qxe4 Bf6 12. Rb1 Bc3+ 13. Bd2 Qf6 14. Qd3 Bxd2+ 15. Qxd2 exd5 16. cxd5 Rae8 17. Bg2 Qe7 18. Rb2 Rf5 19. 0-0 Rxd5 20. Qc2 Rd6 21. Ng5 Qxg5 22. Bxb7 Nb8 23. Qxc7 Qe5 24. Rc2 Nc6 25. Bxc6 Rxc6 26. Rxc6 dxc6 27. Qxa7 c5 28. Qxb6 c4 29. e3 Rc8 30. Qd4 Qxd4 31. exd4 Kf7 32. Kg2 Ke6 33. Kf3 Kd5 34. Rd1 c3 35. Ke3 Kc4 36. Rc1 Re8+ 37. Kf3 Kb3 0-1

[Event "Budapest FS09 Development"]
[Site "Budapest"]
[Date "2017.09.10"]
[Round "8"]
[White "Szurkos, Andras"]
[Black "Szabo, A Martin"]
[Result "1-0"]
[WhiteElo "1705"]
[BlackElo "1574"]
[PlyCount "41"]
[EventDate "2017.09.02"]
[EventType "tourn"]
[EventRounds "10"]
[EventCountry "HUN"]
[SourceTitle "CBM 180 Extra"]
[Source "ChessBase"]
[SourceDate "2017.10.06"]
[SourceVersion "1"]
[SourceVersionDate "2017.10.06"]
[SourceQuality "1"]

1. e4 d6 2. d4 Nf6 3. Nc3 g6 4. f4 Bg7 5. Nf3 0-0 6. h3 c5 7. e5 dxe5 8. fxe5 Nd5 9. Nxd5 Qxd5 10. c3 Nc6 11. Bb5 Rd8 12. Bxc6 bxc6 13. 0-0 Bf5 14. g4 Be4 15. Ng5 Bxe5 16. Nxf7 Bf6 17. Nxd8 Rxd8 18. Be3 Bg2 19. Rf2 Bxh3 20. Rh2 Qe4 21. Rxh3 1-0

[Event "Budapest FS09 Development"]
[Site "Budapest"]
[Date "2017.09.08"]
[Round "6"]
[White "Brassoi Tarnovszki, Aurel"]
[Black "Szabo, A Martin"]
[Result "0-1"]
[WhiteElo "1550"]
[BlackElo "1574"]
[PlyCount "56"]
[EventDate "2017.09.02"]
[EventType "tourn"]
[EventRounds "10"]
[EventCountry "HUN"]
[SourceTitle "CBM 180 Extra"]
[Source "ChessBase"]
[SourceDate "2017.10.06"]
[SourceVersion "1"]
[SourceVersionDate "2017.10.06"]
[SourceQuality "1"]

1. d4 Nf6 2. c4 g6 3. Nc3 d6 4. e4 Bg7 5. Nf3 0-0 6. Be2 e5 7. d5 Nbd7 8. 0-0 Nc5 9. Qc2 a5 10. Be3 Ne8 11. Bxc5 dxc5 12. Bd3 Nd6 13. Nd2 f5 14. f3 f4 15. Ne2 h5 16. Rae1 g5 17. Kh1 g4 18. Ng1 Qh4 19. Re2 Rf6 20. Qd1 Nf7 21. Qe1 g3 22. h3 Ng5 23. b3 Rg6 24. Nb1 Bf6 25. Qd2 Bd7 26. Nc3 Rf8 27. a4 Rf7 28. Nb5 Rfg7 0-1

[Event "Budapest FS09 Development"]
[Site "Budapest"]
[Date "2017.09.06"]
[Round "5"]
[White "Szabo, A Martin"]
[Black "Chubakov, Sultan"]
[Result "0-1"]
[WhiteElo "1574"]
[BlackElo "1644"]
[PlyCount "78"]
[EventDate "2017.09.02"]
[EventType "tourn"]
[EventRounds "10"]
[EventCountry "HUN"]
[SourceTitle "CBM 180 Extra"]
[Source "ChessBase"]
[SourceDate "2017.10.06"]
[SourceVersion "1"]
[SourceVersionDate "2017.10.06"]
[SourceQuality "1"]

1. d4 d5 2. c4 e6 3. g3 Nf6 4. Bg2 Bb4+ 5. Bd2 Be7 6. Nf3 0-0 7. 0-0 Nbd7 8. Qc2 b6 9. Nc3 Bb7 10. Rac1 Rc8 11. cxd5 exd5 12. Ne5 c5 13. e3 Nxe5 14. dxe5 Nd7 15. f4 Ba6 16. Rfe1 d4 17. Ne4 f6 18. Qa4 dxe3 19. Bxe3 Bb7 20. Nd6 Bxg2 21. Nxc8 Qxc8 22. Kxg2 fxe5 23. Qe4 exf4 24. Bxf4 Bf6 25. Rcd1 Nb8 26. Be5 Bxe5 27. Qxe5 Nc6 28. Qd5+ Kh8 29. Rf1 Nd4 30. Rxf8+ Qxf8 31. Rf1 Qe8 32. Qf7 Qe4+ 33. Kh3 h6 34. Rf4 Qe2 35. Rg4 Ne6 36. Qxa7 Qf1+ 37. Kh4 g5+ 38. Kh5 Ng7+ 39. Kxh6 Qf6# 0-1